000 00579nam a22001937a 4500
005 20130814123952.0
010 _aENG-108048
020 _c695.00
_a9788180388958
035 _aEN-91581
037 _bDBAD/PUB
082 _a346.07
100 _aHarpreet Kaur
245 0 0 _aBusiness and corporate laws /
_cby Harpreet Kaur
260 _aGurgaon
_bLexis Nexis
_c2013
270 _a14th Floor, Bldg. No.10, Tower-B, DLF Cyber City, Phase-II
_bGurgaon
_e122002
300 _axxxiv,617p.
_c30cm(pbk)
500 _aIncludes index
942 _2ddc
_cEN
_mHAR
_h346.07
999 _c77857
_d77857